• 首页
  • 本馆介绍
  • 公告通知
  • 最新文献
  • 馆藏检索
  • 电子资源
  • 读者导购
  • 参考咨询
  • 我的图书馆
  • 登录
  • 详细信息显示
  • 放入我的书架
  • 预约/预借图书
  • 作者相关作品
  • 分类相关作品
  • 丛书相关作品
  • 出版社相关作品

书目信息

  • 表格格式
  • 工作单格式
  • 卡片格式
题名:
工伤保险
    
 
作者: 陈刚 主编
分册:  
出版信息: 北京   中国劳动社会保障出版社  2005
页数: 237页
开本: 21cm
丛书名:
单 册:
中图分类: F842.61
科图分类:
主题词: 工伤事故--劳动保险--中国--干部教育--教材 , 工伤事故 , 劳动保险
电子资源:
ISBN: 7-5045-4076-5
000 01092nam0 2200277 45
001 1050913937
005 20100415171103.45
010    @a7-5045-4076-5@dCNY15.00
100    @a20100409e20102005em y0chiy0110 ea
101 0  @achi
102    @aCN@b110000
105    @ay z 000yy
106    @ar
200 1  @a工伤保险@AGong Shang Bao Xian@f陈刚主编@FChen Gang Zhu Bian
210    @a北京@c中国劳动社会保障出版社@d2005@h2010
215    @a237页@d21cm
300    @a全国劳动和社会保障干部培训教材 劳动和社会保障岗位资格证书考试教材 高等教育自学考试劳动和社会保障专业专科教材
304    @a劳动和社会保障部组织编写
330    @a本书主要介绍了工伤保险的基本概念、工伤预防的主要措施、工伤认定的基本概念、劳动力鉴定基本概念、工伤保险待遇基本概念、工伤康复的基本概念、工伤保险基金管理、工伤保险业务经办管理与服务、工伤保险争议处理与违法责任等内容。
606 0  @a工伤事故@x劳动保险@y中国@x干部教育@j教材
606 0  @a工伤事故
606 0  @a劳动保险
690    @aF842.61@v4
701  0 @a陈刚@AChen Gang@c(劳动保险)@4主编
801  0 @aCN@bTANGWEI@c20100415
905    @b0591708-12@dF842.61@e61@f5
    
    工伤保险/陈刚主编.-北京:中国劳动社会保障出版社,2005(2010)
    237页;21cm
    全国劳动和社会保障干部培训教材 劳动和社会保障岗位资格证书考试教材 高等教育自学考试劳动和社会保障专业专科教材
    
    ISBN 7-5045-4076-5:CNY15.00
    本书主要介绍了工伤保险的基本概念、工伤预防的主要措施、工伤认定的基本概念、劳动力鉴定基本概念、工伤保险待遇基本概念、工伤康复的基本概念、工伤保险基金管理、工伤保险业务经办管理与服务、工伤保险争议处理与违法责任等内容。
●
相关链接 在E读中查询图书 在五车中查询图书 在当当中查询图书 在豆瓣中查询图书


正题名:工伤保险     索取号:F842.61/61         预约/预借

序号 登录号 条形码 馆藏地/架位号 状态 备注
1 0591708   205917089   第一样本阅览室/ [索取号:F842.61/61] 在馆    
2 0591709   205917098   密集书库-海洋学院/ [索取号:F842.61/61] 在馆    
3 0591710   205917105   第一借阅区/ [索取号:F842.61/61] 在馆    
4 0591711   205917114   第一借阅区/ [索取号:F842.61/61] 在馆    
5 0591712   205917123   第一借阅区/ [索取号:F842.61/61] 在馆    
唐山师范学院图书馆 欢迎您!
大连网信软件有限公司© 版权所有